| 000 | 00787cam a22002291i 4500 | ||
|---|---|---|---|
| 001 | sa 66005203 | ||
| 003 | DLC | ||
| 005 | 20260227112248.0 | ||
| 008 | 881130s1963 ii 000 0 eng | ||
| 010 | _asa 66005203 | ||
| 035 | _a(OCoLC)18817822 | ||
| 040 |
_aDLC _cViU _dDLC |
||
| 042 | _apremarc | ||
| 050 | 0 | 0 |
_aKNT8662.5.A311958 _bN37 1963 |
| 110 | 1 | _aKerala (India) | |
| 245 | 1 | 4 |
_aThe Kerala education act, 1958 (Act 6 of 1959 as amended by act 35 of 1960) with the Kerala education rules, 1959, as amended up to 10th Oct. 1963 and notifications / _cby K. K. Narendran. |
| 250 | _a[2d ed.] | ||
| 260 |
_aErnakulam : _bSouthern Book Co., _c[1963] |
||
| 300 |
_a154, 81 p. ; _c25 cm. |
||
| 650 | 0 |
_aEducational law and legislation _zIndia _zKerala. |
|
| 700 | 1 | _aNarendran, K. K. | |
| 999 |
_c69852 _d69852 |
||